000 00535nam a22001817a 4500
003 dpl
005 20180716111058.0
008 180716b xxu||||| |||| 00| 0 eng d
020 _a8174464409
_c100.00
035 _aB-167255
040 _aDPL
_bENGLISH
_c0
082 _a372.357
100 _aUberoi,N.K.
245 _aEnvironmental Studies
_cby N.K.Uberoi
260 _aNew Delhi
_bExcel Books
_c2005
300 _axiii, 206p;
_bincludes Acronyms and Explanations of Terms
_c23cm
942 _2ddc
_cEN
_h372.357
_mUBE
999 _c154079
_d154079